Statistiken für Les verbes (irréguliers) (Découvertes 1)

Klicken Sie hier um das Quiz zu spielen!

Allgemein

  • Dieses Quiz wurde 26 mal gespielt
  • Das Durchschnittsergebnis liegt bei 8 aus 10

Antwortstatistiken

verbeje tu il/elle/on nous vous ils/elles% Korrekt
êtresuis es est sommes êtes sont
95%
aimeraime aimes aime aimons aimez aiment
89%
avoirai as a avons avez ont
84%
allervais vas va allons allez vont
79%
commencercommence commences commence commencons commencez commencent
74%
fairefais fais fait faisons faites font
74%
rangerrange ranges range rangeons rangez rangent
74%
chanterchante chantes chante chantons chantez chantent
68%
inviterinvite invites invite invitons invitez invitent
68%
jouerjoue joues joue jouons jouez jouent
68%

Verteilung der Resultate

Perzentil nach korrekt beantworteten Fragen

Anzahl Personen mit jedem Resultat

Ihre Resultats-Entwicklung

Sie haben dieses Quiz noch nicht gespielt